Report on works in connection with the Stratplan Computer Centre Melbourne, Victoria (fourth report of 1983) /

Saved in:
Bibliographic Details
Corporate Author: Australia. Parliament. Standing Committee on Public Works
Format: Book
Language:English
Published: Canberra : Australian Government Publishing Service, 1983.
Subjects:
LEADER 01416nam a2200289 a 4500
001 c000166341
003 CARM
005 20030618160852.0
008 831216s1983 at be f000 0 eng d
019 1 |a 13770274  |z 2988060  |z 3204472  |5 LACONCORD2021 
020 |a 0644029013 :  |c price unknown 
035 |a (OCoLC)27502350  |5 LACONCORD2021 
040 |a ANB  |b eng  |c ANB  |d ADAC 
042 |a anuc 
043 |a u-at-vi 
082 0 4 |a 725/.1/099451 
110 1 |a Australia.  |b Parliament.  |b Standing Committee on Public Works. 
245 1 0 |a Report on works in connection with the Stratplan Computer Centre Melbourne, Victoria (fourth report of 1983) /  |c the Parliament of the Commonwealth of Australia, Parliamentary Standing Committee on Public Works. 
260 |a Canberra :  |b Australian Government Publishing Service,  |c 1983. 
300 |a 32 p. :  |b map, 3 plans ;  |c 25 cm. 
500 |a Government buildings. Melbourne. Stratplan Computer Centre. Modifications. Inquiry reports (ANB/PRECIS SIN 0724459) 
500 |a Australian Government Publishing Service cat. no. 8317171. 
610 2 0 |a Stratplan Computer Centre (Melbourne, Vic.) 
650 0 |a Public buildings  |z Victoria  |z Melbourne. 
852 8 |b CARM  |h A2:AN25F0  |i C06021  |p 0230073  |f BK 
999 f f |i 873816e4-182e-5d9a-8410-826070c32505  |s 7d22deca-8b80-5684-b67c-5169bac0937a 
952 f f |p Can circulate  |a CAVAL  |b CAVAL  |c CAVAL  |d CARM 1 Store  |e C06021  |f A2:AN25F0  |h Other scheme  |i book  |m 0230073